Govt. of
Madhya Pradesh

All India Institure of Medical Science (Record no. 32469)

MARC details
000 -LEADER
fixed length control field 004620000a22001810004500
003 - CONTROL NUMBER IDENTIFIER
control field MACL
005 - DATE AND TIME OF LATEST TRANSACTION
control field 20160124145006.0
008 - FIXED-LENGTH DATA ELEMENTS--GENERAL INFORMATION
fixed length control field 160124b xxu||||| |||| 00| 0 eng d
040 ## - CATALOGING SOURCE
Original cataloging agency MACL
Transcribing agency MACL
041 ## - LANGUAGE CODE
Language code of text/sound track or separate title English
082 ## - DEWEY DECIMAL CLASSIFICATION NUMBER
Classification number 610/RAM
100 ## - MAIN ENTRY--PERSONAL NAME
Personal name Chandra, Vikram
9 (RLIN) 34536
245 ## - TITLE STATEMENT
Title All India Institure of Medical Science
260 ## - PUBLICATION, DISTRIBUTION, ETC. (IMPRINT)
Name of publisher, distributor, etc. Pioneer Pubications
Place of publication, distribution, etc. New Delhi
350 ## - PRICE (NR) (BK AM CF MU VM SE) [OBSOLETE]
Price 440
650 ## - SUBJECT ADDED ENTRY--TOPICAL TERM
Topical term or geographic name as entry element Medical Science
9 (RLIN) 34537
942 ## - ADDED ENTRY ELEMENTS (KOHA)
Koha item type Books
Call number prefix 610/Gau
Source of classification or shelving scheme
Holdings
Withdrawn status Lost status Source of classification or shelving scheme Damaged status Not for loan Home library Current library Date acquired Cost, normal purchase price Total Checkouts Total Renewals Full call number Barcode Date last seen Date last checked out Uniform Resource Identifier Price effective from Koha item type
          MACL MACL 15/04/2015 440.00 2 1 610/GAU CLC001223 04/05/2017 15/03/2017 32525 15/04/2015 Books